E-commerce management : (Record no. 29640)
[ view plain ]
| 000 -LEADER | |
|---|---|
| fixed length control field | 01242nam a2200265 i 4500 |
| 003 - CONTROL NUMBER IDENTIFIER | |
| control field | CSPC |
| 005 - DATE AND TIME OF LATEST TRANSACTION | |
| control field | 20250602143629.0 |
| 008 - FIXED-LENGTH DATA ELEMENTS--GENERAL INFORMATION | |
| fixed length control field | 250520s2022 ii b 001 0 eng d |
| 020 ## - INTERNATIONAL STANDARD BOOK NUMBER | |
| International Standard Book Number | 9789393884046 |
| 040 ## - CATALOGING SOURCE | |
| Transcribing agency | CSPC |
| Original cataloging agency | CSPC |
| Language of cataloging | eng |
| Description conventions | rda |
| 050 00 - LIBRARY OF CONGRESS CALL NUMBER | |
| Classification number | HF5548.32 |
| 082 00 - DEWEY DECIMAL CLASSIFICATION NUMBER | |
| Classification number | 658.84 |
| Item number | E102 |
| 245 00 - TITLE STATEMENT | |
| Title | E-commerce management : |
| Remainder of title | text and cases / |
| Statement of responsibility, etc. | edited by B.R Sharma. |
| 264 #1 - PRODUCTION, PUBLICATION, DISTRIBUTION, MANUFACTURE, AND COPYRIGHT NOTICE | |
| Place of production, publication, distribution, manufacture | New Delhi, India : |
| Name of producer, publisher, distributor, manufacturer | Random Publications LLP, |
| Date of production, publication, distribution, manufacture, or copyright notice | 2022 ; Reprint 2023. |
| 300 ## - PHYSICAL DESCRIPTION | |
| Extent | viii, 345 pages : |
| Other physical details | illustrations ; |
| Dimensions | 24 cm. |
| 336 ## - CONTENT TYPE | |
| Content type term | text |
| Source | rdacontent |
| 337 ## - MEDIA TYPE | |
| Media type term | unmediated |
| Source | rdamedia |
| 338 ## - CARRIER TYPE | |
| Carrier type term | volume |
| Source | rdacarrier |
| 504 ## - BIBLIOGRAPHY, ETC. NOTE | |
| Bibliography, etc. note | Includes bibliographical references and index. |
| 505 0# - FORMATTED CONTENTS NOTE | |
| Formatted contents note | Electronic commerce -- The world of E-retailing and e-retail management -- Development of e-commerce technology -- E-shopping for consumers -- E-commerce and e-business management -- The role of marketing database management -- Multi-channel coordination and e-business -- Management information systems. |
| 650 #0 - SUBJECT ADDED ENTRY--TOPICAL TERM | |
| Topical term or geographic name entry element | Electronic commerce |
| General subdivision | Management. |
| 700 1# - ADDED ENTRY--PERSONAL NAME | |
| Personal name | Sharma, B.R., |
| Relator term | editor. |
| 942 ## - ADDED ENTRY ELEMENTS (KOHA) | |
| Source of classification or shelving scheme | Dewey Decimal Classification |
| Suppress in OPAC | No |
| Koha item type | Books |
| Classification part | 658.84 |
| Call number prefix | CIR |
| Call number suffix | 2022 |
| Withdrawn status | Lost status | Source of classification or shelving scheme | Damaged status | Not for loan | Home library | Current library | Shelving location | Date acquired | Total Checkouts | Full call number | Barcode | Date last seen | Copy number | Price effective from | Koha item type |
|---|---|---|---|---|---|---|---|---|---|---|---|---|---|---|---|
| Dewey Decimal Classification | Main Library | Main Library | Circulation Section | 05/20/2025 | CIR 658.84 E102 2022 | 029603 | 05/20/2025 | 1-1 | 05/20/2025 | Books |